00505nam a22001577a 450000500170000000800410001702000290005804100130008708200140010010000300011424500690014425000190021326000460023230000440027865000250032220231109085022.0231109b |||||||| |||| 00| 0 eng d a07021165480 ; 0702116556 aEnglish  a346.2 KAH aKahn, E et al. lEnglish  aContract and Mercantile Law Through the Cases / cE Kahn et al.  aSecond Editon  aCape Town :bJuta and Company Ltd, c1985 blix, 970 pages ; c25,5 cm.e2 Volumes  aLegal practice bLaw